Sports Quiz

Random Sports or NBA Quiz

NBA 5x All-Stars One Team Quiz Stats

 Plays Quiz not verified by Sporcle

Challenge
Share
Tweet
Embed
Score 0/37 Timer 06:00
0 Plays Today
All-Star Selections Player % Correct
17*Kobe Bryant
100%
15*Tim Duncan
100%
13*Dirk Nowitzki
98.6%
12Larry Bird
98.2%
11*Dwyane Wade
95.8%
12Bill Russell
95.1%
14Jerry West
94%
12Magic Johnson
93.3%
10John Stockton
92.6%
6*Tony Parker
91.5%
10David Robinson
91.2%
12Isiah Thomas
90.8%
6*Kevin Durant
90.1%
13John Havlicek
88%
5*Blake Griffin
86.9%
7Kevin McHale
84.5%
11Elgin Baylor
78.1%
5Reggie Miller
77.4%
7James Worthy
76.6%
All-Star Selections Player % Correct
11Julius Erving
76.3%
11Bob Pettit
75.3%
6Joe Dumars
75.3%
7Willis Reed
69.3%
5Sam Jones
67.1%
8Yao Ming
66.1%
12Dolph Schayes
60.1%
5Brad Daugherty
53.7%
10Paul Arizin
48.1%
5Wes Unseld
45.6%
10Hal Greer
43.8%
6Tom Heinsohn
43.5%
6Jack Twyman
21.6%
5Rudy Tomjanovich
21.6%
6Vern Mikkelsen
20.8%
6Neil Johnston
16.3%
5Cliff Hagan
14.5%
5Bobby Wanzer
3.5%

You're not logged in!

Compare scores with friends on all Sporcle quizzes.
Join for Free
OR
Log In

You Might Also Like...

Show Comments

Extras

Top Quizzes Today


Score Distribution

Your Account Isn't Verified!

In order to create a playlist on Sporcle, you need to verify the email address you used during registration. Go to your Sporcle Settings to finish the process.

Report this User

Report this user for behavior that violates our Community Guidelines.

Details: